00493nam a2200145 a 450000500170000000800410001702000180005805000180007610000190009424500450011326000350015852001130019365000210030665000200032720140412111416.0070725s19uu xx 00 eng d a0-590-37458-3 aERbDi61 1998 aMetzger, Steve aDinofours:I'm the boss /cSteve Metzger. aNew York :bScholastic,c1998. aTara learns a lesson about being too bossy when everyone leaves the game after she wants everything her way. aBehavior-fiction aschools-fiction